| 000 | 00447nam a2200169Ia 4500 | ||
|---|---|---|---|
| 008 | 210707s1982 xx 000 0 und d | ||
| 041 | _aeng | ||
| 082 | _a515 ILYF | ||
| 100 | _aILYIN (V A) & POZNYAK (E G) | ||
| 245 | _aFundamentals of mathematical analysis. Part I | ||
| 260 |
_aMoscow _bMir Publishers _c1982 |
||
| 300 | _a637 p | ||
| 365 |
_b20 _cINR |
||
| 563 | _aHB | ||
| 650 | _aMathematical Analysis | ||
| 906 | _aMathematical analysis | ||
| 999 |
_c180073 _d180073 |
||